LEADER 01515nas 2200433 c 450 001 9910896172503321 005 20260218111723.0 035 $a(DE-599)ZDB3061852-6 035 $a(OCoLC)1247502703 035 $a(DE-101)1232222739 035 $a(CKB)4910000000550653 035 $a(DE-599)3061852-6 035 $a(EXLCZ)994910000000550653 100 $a20210426a20099999 |y | 101 0 $aeng 135 $aur||||||||||| 181 $ctxt$2rdacontent 182 $cc$2rdamedia 183 $acr$2rdacarrier 200 00$a... global report on adult learning and education$fUnited Nations Educational, Scientific and Cultural Organization ; UIL Unesco Institute for Lifelong Learning 210 31$aHamburg$cUnesco Institute for Lifelong Learning$d2009- 215 $aOnline-Ressource 300 $aGesehen am 26.04.2021 517 1 $aGRALE 606 $aErwachsenenbildung$3(DE-588)4015428-2$3https://d-nb.info/gnd/4015428-2$3(DE-101)040154289$9rswk-swf$2gnd 606 $aLebenslanges Lernen$3(DE-588)4134373-6$3https://d-nb.info/gnd/4134373-6$3(DE-101)041343735$9rswk-swf$2gnd 608 $aZeitschrift$2gnd-content 615 7$aErwachsenenbildung. 615 7$aLebenslanges Lernen. 676 $a370 712 02$aUNESCO$4isb 712 02$aUNESCO$bInstitute for Lifelong Learning$4isb 801 0$b0018 801 1$bDE-101 801 2$b9999 906 $aJOURNAL 912 $a9910896172503321 996 $aGlobal Report on Adult Learning and Education$94218306 997 $aUNINA